000 00309nam a22001337a 4500
008 170630b xxu||||| |||| 00| 0 eng d
020 _a9780321366290
041 _aeng
080 _23 ED
_a82
100 _a22
101 _aGJL
245 _aLTERATURE A POCKET ATHMOLOGY
_cGWYN.R.S
942 _2udc
_cBK
999 _c19807
_d19807